01247nam a22003254a 4500001001200000003000800012006001900020007001500039008004100054010001700095020002200112040002100134035002100155050002300176245008500199260007000284300002300354490002900377504005100406533015200457650001700609650002300626650002900649655002900678700002400707710001700731830003000748856012600778999001700904ebr10069833CaPaEBRm u cr cn|||||||||021022s2002 enka sb 001 0 eng  z 2002514696 z052175030X (pbk.) aCaPaEBRcCaPaEBR a(OCoLC)22811092614aHD41b.C639 2002eb00aCompeting through competencesh[electronic resource] /cJohn Mills ... [et al.]. aCambridge, U.K. ;aNew York :bCambridge University Press,c2002. aix, 179 p. :bill.1 aStrategy and performance aIncludes bibliographical references and index. aElectronic reproduction.bPalo Alto, Calif. :cebrary,d2013.nAvailable via World Wide Web.nAccess may be limited to ebrary affiliated libraries. 0aCompetition. 0aCore competencies. 0aPerformancexManagement. 7aElectronic books.2local1 aMills, John,d1948-2 aebrary, Inc. 0aStrategy and performance.40uhttp://site.ebrary.com/lib/rucke/Doc?id=10069833zAn electronic book accessible through the World Wide Web; click to view c42488d42488